Introduction to positive economics (Record no. 5640)

000 -LEADER
fixed length control field 00453nam a22001817a 4500
001 - CONTROL NUMBER
control field 5640
003 - CONTROL NUMBER IDENTIFIER
control field BD-DhUET
008 - FIXED-LENGTH DATA ELEMENTS--GENERAL INFORMATION
fixed length control field 141127b xxu||||| |||| 00| 0 eng d
040 ## - CATALOGING SOURCE
Transcribing agency 0
Modifying agency BD-DhUET
082 ## - DEWEY DECIMAL CLASSIFICATION NUMBER
Classification number 330
Item number LIP/1971
100 ## - MAIN ENTRY--PERSONAL NAME
Personal name Lipsey, Richard G.
245 ## - TITLE STATEMENT
Title Introduction to positive economics
250 ## - EDITION STATEMENT
Edition statement 3rd ed.
260 ## - PUBLICATION, DISTRIBUTION, ETC. (IMPRINT)
Name of publisher, distributor, etc. English Language Book
Place of publication, distribution, etc. Hampshire
Date of publication, distribution, etc. 1971
300 ## - PHYSICAL DESCRIPTION
Extent xx, 740 p.
Other physical details ill.
Dimensions 26 cm.
650 #0 - SUBJECT ADDED ENTRY--TOPICAL TERM
Topical term or geographic name as entry element Economics
942 ## - ADDED ENTRY ELEMENTS (KOHA)
Koha item type General Book
Holdings
Koha date last seen Sublocation or collection (holding branch) Location (home branch) Koha normalized classification for sorting Damaged status Copy number Date acquired Shelving location Withdrawn status Koha full call number Koha collection Price effective from Lost status Piece designation (barcode) Source of classification or shelving scheme Not for loan Koha item type
2014-11-27Central Library, BUETCentral Library, BUET330LIP1971 12014-11-27Circulation section 330/LIP/1971 2014-11-27 23693  General Book
2014-11-27Central Library, BUETCentral Library, BUET330LIP1971 22014-11-27Circulation section 330/LIP/1971 2014-11-27 23702  General Book
2015-01-27Central Library, BUETCentral Library, BUET330_000000000000000_LIP_1971 32015-01-27Circulation section 330/LIP/1971 2015-01-27 23689  General Book
2015-01-27Central Library, BUETCentral Library, BUET330_000000000000000_LIP_1971 42015-01-27Circulation section 330/LIP/1971 2015-01-27 23684  General Book
2015-01-27Central Library, BUETCentral Library, BUET330_000000000000000_LIP_1971 52015-01-27Circulation section 330/LIP/1971 2015-01-27 23710  General Book
2015-01-27Central Library, BUETCentral Library, BUET330_000000000000000_LIP_1971 62015-01-27Circulation section 330/LIP/1971 2015-01-27 23713  General Book
2015-01-27Central Library, BUETCentral Library, BUET330_000000000000000_LIP_1971 72015-01-27Cataloging section 330/LIP/1971 2015-01-27 23690  General Book
2015-01-27Central Library, BUETCentral Library, BUET330_000000000000000_LIP_1971 82015-01-27Circulation section 330/LIP/1971 2015-01-27 23698  General Book
2015-01-27Central Library, BUETCentral Library, BUET330_000000000000000_LIP_1971 92015-01-27Circulation section 330/LIP/1971 2015-01-27 23685  General Book
2015-01-27Central Library, BUETCentral Library, BUET330_000000000000000_LIP_1971 102015-01-27Circulation section 330/LIP/1971 2015-01-27 23712  General Book
2015-01-28Central Library, BUETCentral Library, BUET330_000000000000000_LIP_1971 42015-01-28Circulation section 330/LIP/1971Non Fiction2015-01-28 23677  General Book
2015-01-28Central Library, BUETCentral Library, BUET330_000000000000000_LIP_1971 302015-01-28Circulation section 330/LIP/1971Non Fiction2015-01-28 23706  General Book
2015-01-28Central Library, BUETCentral Library, BUET330_000000000000000_LIP_1971 292015-01-28Circulation section 330/LIP/1971Non Fiction2015-01-28 23705  General Book
2015-01-28Central Library, BUETCentral Library, BUET330_000000000000000_LIP_1971 162015-01-28Circulation section 330/LIP/1971Non Fiction2015-01-28 23680  General Book
2015-04-20Central Library, BUETCentral Library, BUET330_000000000000000_LIP_1971 152015-04-20Circulation section 330/LIP/1971 2015-04-20 23691  General Book